| 000 | 00523nam a22001817a 4500 | ||
|---|---|---|---|
| 005 | 20250317110814.0 | ||
| 008 | 250317b |||||||| |||| 00| 0 eng d | ||
| 020 | _a9781787150911 | ||
| 041 | _aEng. | ||
| 082 | _a658.872 SMI | ||
| 100 | _aSmith, Olivia | ||
| 245 | _aDigital Marketing Strategy | ||
| 260 |
_aUK _bKruger Brentt Publishers _c2023 |
||
| 300 | _a151;. P. 24 cm | ||
| 650 | _aElectronic Commerce-Management; Internet Marketing; Strategic Planning | ||
| 700 | _aSmith, Mary And Smith, James | ||
| 942 | _cBK | ||
| 999 |
_c43337 _d43337 |
||